00442nam a2200181Ia 450000500170000000800410001704000190005804100120007708200130008910000200010224500370012226000260015930000100018544000240019565000160021965100150023585000100025020221031115600.0131103s9999 xx 000 0 und d aLoreto College aEnglish a111bMAR aMarcel, Gabriel aBeing and havingcGabriel Marcel aLondonbCollinsc1963 a255p  aThe Fontana library aMetaphysics aPhilosophy aLCLIB